| 000 | 00407nam a22001457a 4500 | ||
|---|---|---|---|
| 999 |
_c9514 _d9514 |
||
| 003 | OSt | ||
| 005 | 20210630122119.0 | ||
| 008 | 210630b ||||| |||| 00| 0 eng d | ||
| 020 | _a9780879051860 | ||
| 082 |
_a720.1 _bWIN |
||
| 100 | _a Winters, Nathan B. | ||
| 245 | _a Architecture is elementary : visual thinking through architectural concepts | ||
| 260 |
_aSalt lake city _bGIBBS Smith _c1986 |
||
| 942 | _2ddc | ||